Yemek repertuarı (Record no. 7019)

000 -LEADER
fixed length control field 00792nmm a2200253 a 4500
001 - CONTROL NUMBER
control field ocm000667878
003 - CONTROL NUMBER IDENTIFIER
control field TR-IsHL
005 - DATE AND TIME OF LATEST TRANSACTION
control field 20201028135940.0
008 - FIXED-LENGTH DATA ELEMENTS--GENERAL INFORMATION
fixed length control field 131212s2006 tu tur
007 - PHYSICAL DESCRIPTION FIXED FIELD--GENERAL INFORMATION
fixed length control field cr cn
035 ## - SYSTEM CONTROL NUMBER
System control number 667878
-- (N$T)
050 04 - LIBRARY OF CONGRESS CALL NUMBER
Classification number TX725.T9
Item number T87 2006
090 04 - LOCALLY ASSIGNED LC-TYPE CALL NUMBER (OCLC); LOCAL CALL NUMBER (RLIN)
Classification number (OCLC) (R) ; Classification number, CALL (RLIN) (NR) TX725.T9
Local cutter number (OCLC) ; Book number/undivided call number, CALL (RLIN) T87 2006
100 1# - MAIN ENTRY--PERSONAL NAME
Personal name Türkan, Cemal
245 10 - TITLE STATEMENT
Title Yemek repertuarı
Medium [electronic resource] /
Statement of responsibility, etc. Cemal Türkan
260 ## - PUBLICATION, DISTRIBUTION, ETC.
Place of publication, distribution, etc. Adapazarı :
Name of publisher, distributor, etc. Değişim Yayınları,
Date of publication, distribution, etc. 2006
300 ## - PHYSICAL DESCRIPTION
Extent 304 p.
650 #4 - SUBJECT ADDED ENTRY--TOPICAL TERM
Topical term or geographic name entry element Genel Çalışmalar
650 #4 - SUBJECT ADDED ENTRY--TOPICAL TERM
Topical term or geographic name entry element General Works
650 #0 - SUBJECT ADDED ENTRY--TOPICAL TERM
Topical term or geographic name entry element Aşçılık, Türk
650 #0 - SUBJECT ADDED ENTRY--TOPICAL TERM
Topical term or geographic name entry element Cooking, Turkey
650 #7 - SUBJECT ADDED ENTRY--TOPICAL TERM
Topical term or geographic name entry element COOKING / Regional & Ethnic / Turkish
Source of heading or term bisacsh
856 40 - ELECTRONIC LOCATION AND ACCESS
Uniform Resource Identifier <a href="http://search.ebscohost.com/login.aspx?direct=true&scope=site&db=e011xww&AN=667878">http://search.ebscohost.com/login.aspx?direct=true&scope=site&db=e011xww&AN=667878</a>
Holdings
Withdrawn status Lost status Source of classification or shelving scheme Damaged status Not for loan Collection code Permanent Location Current Location Date acquired Total Checkouts Full call number Barcode Date last seen Price effective from Koha item type
        Online   Kıbrıs Amerikan Üniversitesi Kütüphanesi / American University of Cyprus Kıbrıs Amerikan Üniversitesi Kütüphanesi / American University of Cyprus 28.10.2020   TX725.T9 T87 2006 667878 28.10.2020 28.10.2020 E-Kitap
Devinim Yazılım Eğitim Danışmanlık tarafından Koha'nın orjinal sürümü uyarlanarak geliştirilip kurulmuştur.